| 000 | 00561nam a2200145Ia 4500 | ||
|---|---|---|---|
| 008 | 171212s9999 xx 000 0 und d | ||
| 020 | _a9781921666247 | ||
| 100 | _aZamhari, Arif | ||
| 245 |
_cZamhari, Arif _aRituals of Islamic Spirituality _bA Study of Majlis Dhikr Groups in East Java |
||
| 260 |
_bANU E Press _c2010 |
||
| 440 | _aIslam in Southeast Asia | ||
| 650 | _aIslam -- Rituals. Islam Doctrines; Islamic sects -- Indonesia -- Jawa Timur; Sufism -- Indonesia -- Jawa Timur | ||
| 650 | _aReligion | ||
| 856 | _uwww.jstor.org/stable/10.2307/j.ctt24h2kf | ||
| 999 |
_c351299 _d351299 |
||